geografia wybrane państwa świata - Statystyki

Ogólne statystyki
  • Ten quiz został rozwiązany 82 razy
  • Średni wynik to 51 z 106
Odpowiedzi na mapie
Odpowiedzi zakodowano w zielono-czerwonej skali na mapie do tego quizu, zgodnie z poniższymi procentami.
 
Statystyki odpowiedzi
Odpowiedź % Poprawnych
Stany Zjednoczone
83%
Kanada
79%
Polska
79%
Meksyk
77%
Brazylia
72%
Rosja
72%
Chiny
70%
Argentyna
68%
Australia
68%
Niemcy
66%
Indie
62%
Japonia
62%
Peru
62%
Francja
60%
Hiszpania
60%
Kuba
60%
Portugalia
60%
Turcja
60%
Ukraina
60%
Urugwaj
60%
Austria
57%
Chile
57%
Dania
57%
Litwa
57%
Łotwa
57%
Norwegia
57%
Wielka Brytania
57%
Czechy
55%
Egipt
55%
Finlandia
55%
Irlandia
55%
Islandia
55%
Maroko
55%
Szwajcaria
55%
Szwecja
55%
Włochy
55%
Algieria
53%
Belgia
53%
Białoruś
53%
Boliwia
53%
Bułgaria
53%
Estonia
53%
Grecja
53%
Nowa Zelandia
53%
Rumunia
53%
Słowacja
53%
Bośnia i Hercegowina
51%
Holandia
51%
Irak
51%
Iran
51%
Kazachstan
51%
Kolumbia
51%
Mołdawia
51%
Republika Południowej Afryki
51%
Serbia
51%
Słowenia
51%
Węgry
51%
Chorwacja
49%
Ekwador
49%
Korea Północna
49%
Korea Południowa
49%
Mongolia
47%
Nigeria
47%
Paragwaj
47%
Tunezja
47%
Afganistan
45%
Albania
45%
Wenezuela
45%
Arabia Saudyjska
43%
Czarnogóra
43%
Kosowo
43%
Panama
43%
Watykan
43%
Andora
40%
Indonezja
40%
Liechtenstein
40%
Oman
40%
San Marino
40%
Sudan
40%
Wietnam
40%
Demokratyczna Republika Konga
38%
Kenia
38%
Libia
38%
Luksemburg
38%
Macedonia Północna
38%
Malta
38%
Tajlandia
38%
Pakistan
36%
Syria
36%
Etiopia
34%
Filipiny
34%
Jemen
34%
Somalia
34%
Izrael
32%
Monako
30%
Nepal
30%
Tanzania
30%
Gruzja
28%
Sudan Południowy
28%
Mozambik
26%
Malezja
23%
Jordania
21%
Liban
21%
Bangladesz
17%
Botswana
17%
Namibia
15%
Nie znaleziono quizów pasujących do podanych kryteriów
Rozkład punktacji
Procent ludzi z każdym wynikiem
Percentyl według liczby udzielonych odpowiedzi
Twoja historia wyników
Nie rozwiązałeś tego quizu